La pareja humana. Angustia o equilibrio / Estanislas de Lestapis ; Josep Pombo, Traductor (Registro nro. 32598)
[ vista simple ]
| 000 -LÍDER | |
|---|---|
| Campo fijo de descripción fija | 010150000a22002050004500 |
| 041 0# - CÓDIGO DE IDIOMA | |
| Código de idioma para texto/pista de sonido o título separado | |
| 082 04 - NÚMERO DE CLASIFICACIÓN DECIMAL DEWEY | |
| Número de clasificación | G 173 L6421p |
| 001 - NÚMERO DE CONTROL | |
| Campo de control | 1275 |
| 100 1# - ASIENTO PRINCIPAL--NOMBRE PERSONAL | |
| Nombre personal | De Lestapis, Estanislas |
| 245 10 - TÍTULO | |
| Título del Material | La pareja humana. Angustia o equilibrio / Estanislas de Lestapis ; Josep Pombo, Traductor |
| 260 ## - PUBLICACIÓN, DISTRIBUCIÓN, ETC. (PIE DE IMPRENTA) | |
| Lugar de publicación, distribución, etc. | Barcelona, España : Herder |
| 300 ## - DESCRIPCIÓN FÍSICA | |
| Extensión | 244 Pag. |
| 336 ## - CONTENT TYPE | |
| Content type term | texto |
| Content type code | txt |
| Source | rdacontent |
| 337 ## - MEDIA TYPE | |
| Source | rdamedia |
| Media type term | sin mediación |
| Media type code | n |
| 338 ## - CARRIER TYPE | |
| Source | rdacarrier |
| Carrier type term | volumen |
| Carrier type code | nc |
| 500 ## - NOTA GENERAL | |
| Nota General | Título original : Le couple. Angoisse ou équilibre |
| 505 00 - NOTA DE CONTENIDO | |
| Nota de contenido con formato preestablecido | bases doctrinales -- pedagogía y progresiones -- la condición conyugal y la iglesia -- de la "casti connubii" a la "gaudiun et spes" -- de la "gaudiun et spes" a la "humanae vitae" -- condición conyugal y teología de la comunicación -- "paternidad responsable" y palabra de Dios -- discernimiento inicial -- de la angustia al equilibrio -- del legalismo al amor -- calvarios y claridades de fe |
| 650 14 - ASIENTO SECUNDARIO DE MATERIA - TERMINO TEMÁTICO | |
| Término temático o nombre geográfico como elemento de entrada | CONTROL NATAL - ASPECTOS RELIGIOSOS |
| 942 ## - TIPO DE MATERIAL (KOHA) | |
| Tipo de Item KOHA | Libros General |
| Estado de Material | Estado de Perdido | Estado de Dañado | No para Préstamo | Colección | Tomo | Biblioteca de Origen | Biblioteca Permanente | Fecha de Adquisición | Total de Préstamos | Total de Renovaciones | Signatura Topográfica | Código de Barras | Última vez visto | Última vez Préstado | Ejemplar/Existencia | Fecha de Remplazo | Tipo de Material |
|---|---|---|---|---|---|---|---|---|---|---|---|---|---|---|---|---|---|
| Colección General | Biblioteca FUSBC | Biblioteca FUSBC | 12/10/2004 | 2 | 2 | G 173 L6421p | 700 | 23/07/2025 | 20/09/2019 | 1 | 26/01/2016 | Libros General |
